000 01460 a2200229 4500
003 Nust
005 20221031123818.0
010 _a 75034190
020 _a0070044309
040 _cNust
082 0 0 _a621.3192,BEL
100 1 _aBelove, Charles.
_9101960
245 1 0 _aSystems and circuits for electrical engineering technology /
_cCharles Belove, Melvyn M. Drossman.
260 _aNew York :
_bMcGraw-Hill,
_cc1976.
300 _axviii, 662 p. :
_bill. ;
_c24 cm.
505 _aEssential Arithmetic, Units and Notation (Page-1), Signals (Page-25), Electrical Quantities (Page-45), Resistance (Page-69), Basic Resistive Networks Laws (Page-79), Resistive Networks Applications of the Basic Laws (Page-108), DC Instruments (Page-141), Linear Network Theorems (Page-165), Diodes (Page-203), Linear Two Port Networks (Page-238), Amplifiers Piecewise Linear (Page-269), Switching Algebra (Page-295), Combinational Digital Circuits (Page-324), Calculus Essentials (Page-368), Magnetic Circuits (Page-387), Inductance and Capacitance (Page-414), Time Responses of Circuits with Energy Storage Elements (Page-447), Frequency Response (Page-518), AC Instruments (Page-547), Feedback and Operational Amplifiers (Page-566), Sequential Digital Circuits and Hybrid Systems (Page-595),
650 0 _aElectric circuits.
_910997
650 0 _aElectric networks.
_941311
650 0 _aElectronic circuits.
700 1 _aDrossman, M. Melvyn,
_9101961
942 _2ddc
_cBK
999 _c180726
_d180726